00666nam a2200205 a 450000100060000000300080000600500170001400800410003103500190007204000270009104100080011808200180012610000280014424501680017226000310034030000270037150400190039865100270041770000160044427143BD-RjUL20211209051122.0140324s1966 enk 001 0 eng d a(BD-RjUL)27214 aANLbengcANLdBD-RjUL aeng04a966bDAG 19661 aDavidson, Basil,d1914-14aThe growth of African civilisation :ba history of West Africa 1000-1800 /cby Basil Davidson ; in collaboration with F. K. Buah and the advice of J. F. Ade Ajayi. aLondon :bLongmans,c1966. bill. ;a312p. :c21cm. aIncludes Index 0aAfrica, WestxHistory.1 aBush, F. K.